LEADER 01181nam0-22003611i-450- 001 990007976930403321 005 20080321102032.0 010 $a88-7144-894-4 035 $a000797693 035 $aFED01000797693 035 $a(Aleph)000797693FED01 035 $a000797693 100 $a20041217d1998----km-y0itay50------ba 101 1 $aita$ceng 102 $aIT 105 $aa-------001yy 200 1 $aRappresentazioni sociali e sviluppo della conoscenza$fa cura di Gerard Duveen e Barbara Lloyd 210 $aRoma$cArmando Editore$dc1998 215 $a245 p.$cill.$d22 cm 225 1 $aPsicologia Sociale 454 0$12001$aSocial representations and the development of knowledge$957559 610 0 $aFanciulli$aComportamento sociale$aAspetti psicologici 610 0 $aFanciulli$aSviluppo psichico$aInflussi ambientali 676 $a155.418 702 1$aLloyd,$bBarbara B.$g 702 1$aDuveen,$bGerard 801 0$aIT$bUNINA$gRICA$2UNIMARC 901 $aBK 912 $a990007976930403321 952 $aP.1 PS 369$fFLFBC 959 $aFLFBC 996 $aSocial representations and the development of knowledge$957559 997 $aUNINA LEADER 01258nam a2200349 i 4500 001 991000663129707536 005 20020507171938.0 008 950227s|||| uk ||| | eng 020 $a0080101488 035 $ab1073983x-39ule_inst 035 $aLE01300355$9ExL 040 $aDip.to Matematica$beng 082 0 $a621.381537 084 $aAMS 94C 084 $aAMS 94C10 084 $aLC QA401 100 1 $aMoisil, Grigore C.$057508 245 14$aThe algebraic theory of switching circuits /$cby Gr. C. Moisil 260 $a[1st English ed. : 300 $aNew York ;$cOxford :$bPergamon Press, [1969] - 719 p. :$bill. ;$c23 cm. 490 0 $aInternational series in pure and applied mathematics ;$v41 500 $aBibliography: p. [687]-709. 500 $aTit. orig.: Teoria algebrica a mecanismelor automate 650 4$aAlgebraic fields 650 4$aSwitching theory 650 4$aSymbolic logic 907 $a.b1073983x$b23-02-17$c28-06-02 912 $a991000663129707536 945 $aLE013 94C MOI11 (1969)$g1$i2013000023212$lle013$o-$pE0.00$q-$rl$s- $t0$u0$v0$w0$x0$y.i10830662$z28-06-02 996 $aAlgebraic theory of switching circuits$9910963 997 $aUNISALENTO 998 $ale013$b01-01-95$cm$da $e-$feng$guk $h4$i1 LEADER 01556oam 2200505Ia 450 001 9910690766303321 005 20141020135359.0 035 $a(CKB)5470000002340659 035 $a(OCoLC)51997229 035 $a(OCoLC)52002700 035 $a(EXLCZ)995470000002340659 100 $a20030408d1999 ua 0 101 0 $aeng 135 $aurbn||||||||| 181 $ctxt$2rdacontent 182 $cc$2rdamedia 183 $acr$2rdacarrier 200 10$a1997 economic census$iManufacturing$iIndustry series$iTruss manufacturing$b[electronic resource] 210 1$a[Washington, D.C.] :$cU.S. Dept. of Commerce, Economics and Statistics Administration, U.S. Census Bureau,$d[1999] 215 $a1 online resource (34 unnumbered pages) 300 $aTitle from title screen (viewed Mar. 18, 2003). 300 $a"Issued July 1999." 300 $a"EC97M-3212D." 517 $aEconomic census 606 $aTrusses$vStatistics 606 $aLumber trade$zUnited States$vStatistics 606 $aManufacturing industries$zUnited States$vStatistics 607 $aUnited States$2fast 608 $aStatistics.$2lcgft 615 0$aTrusses 615 0$aLumber trade 615 0$aManufacturing industries 712 02$aUnited States.$bBureau of the Census. 801 0$bGPO 801 1$bGPO 801 2$bOCLCQ 801 2$bSYB 801 2$bOCLCQ 801 2$bOCLCO 801 2$bOCLCA 801 2$bOCLCF 906 $aBOOK 912 $a9910690766303321 996 $a1997 economic census$93431776 997 $aUNINA